书目信息 |
| 题名: |
红楼梦数术谈
|
|
| 作者: | 孙宏安 著 | |
| 分册: | ||
| 出版信息: | 北京 海豚出版社 2015 |
|
| 页数: | 312页 | |
| 开本: | 20cm | |
| 丛书名: | ||
| 单 册: | ||
| 中图分类: | I207.411 , B992 | |
| 科图分类: | ||
| 主题词: | 《红楼梦》研究--hong lou meng yan jiu , 方术--fang shu--研究--中国--清代 | |
| 电子资源: | ||
| ISBN: | 978-7-5110-2368-1 | |
| 000 | 00922nam0 22002531 450 | |
| 001 | 0124140313 | |
| 005 | 20170324140313.0 | |
| 010 | @a978-7-5110-2368-1@b精装@dCNY36.00 | |
| 100 | @a20150601d2015 em y0chiy50 ea | |
| 101 | 0 | @achi |
| 102 | @aCN@b110000 | |
| 105 | @ay z 000yy | |
| 106 | @ar | |
| 200 | 1 | @a红楼梦数术谈@9hong lou meng shu shu tan@f孙宏安[著] |
| 210 | @a北京@c海豚出版社@d2015 | |
| 215 | @a312页@d20cm | |
| 330 | @a本书是透过对《红楼梦》中“奇事”、“怪事”的解析,来透视中国古代一种文化现象——数术。从《红楼梦》中的奇事开始谈起,用数术来解释奇事,详述数术的力量、数术描写的小说意蕴及社会意境,《红楼梦》时代的历史案例等。 | |
| 606 | 0 | @a《红楼梦》研究@9hong lou meng yan jiu |
| 606 | 0 | @a方术@9fang shu@x研究@y中国@z清代 |
| 690 | @aI207.411@v5 | |
| 690 | @aB992@v5 | |
| 701 | 0 | @a孙宏安@9sun hong an@f(1947~)@4著 |
| 801 | 0 | @aCN@bTANGWEI@c20170308 |
| 905 | @b0963083-6@dI207.411@e802@f4 | |
| 红楼梦数术谈/孙宏安[著].-北京:海豚出版社,2015 |
| 312页;20cm |
| ISBN 978-7-5110-2368-1(精装):CNY36.00 |
| 本书是透过对《红楼梦》中“奇事”、“怪事”的解析,来透视中国古代一种文化现象——数术。从《红楼梦》中的奇事开始谈起,用数术来解释奇事,详述数术的力量、数术描写的小说意蕴及社会意境,《红楼梦》时代的历史案例等。 |
| ● |
| 相关链接 |
|
|
|
|
正题名:红楼梦数术谈
索取号:I207.411/802
 
预约/预借
| 序号 | 登录号 | 条形码 | 馆藏地/架位号 | 状态 | 备注 |
| 1 | 0963083 | 209630835 | 第一样本阅览室/ [索取号:I207.411/802] | 在馆 | |
| 2 | 0963084 | 209630844 | 第二借阅区/ [索取号:I207.411/802] | 在馆 | |
| 3 | 0963085 | 209630853 | 第二借阅区/ [索取号:I207.411/802] | 在馆 | |
| 4 | 0963086 | 209630862 | 第二借阅区/ [索取号:I207.411/802] | 在馆 |